| 000 | 00000nam##2200000za#4500 |
| 001 | 9.590496 |
| 003 | CaOODSP |
| 005 | 20210624200143 |
| 007 | cr ||||||||||| |
| 008 | 150406|1990||||xxc|||||o f|0| 0 fre|d |
| 040 | |aCaOODSP|bfre |
| 041 | |aeng |
| 041 | |afre |
| 043 | |an-cn--- |
| 086 | 1 |aS52-2/197-PDF |
| 110 | 1 |aCanada.|bTravaux publics et Services gouvernementaux Canada.|bBureau de la traduction. |
| 245 | 10|aVocabulaire de l'agriculture / |h[ressource électronique]|c[par] Pierre Dermine en collaboration avec Line Paradis. |
| 260 | |aOttawa - Ontario : |bTravaux publics et Services gouvernementaux Canada. |cc1990. |
| 300 | |a1230p. |
| 490 | 1 |aBulletin de terminologie|vN° 197 |
| 500 | |aÉdition numérisée de l'imprimé. [Produit par les Éditions et Services de dépôt, 2014.] Publié par le Bureau des traductions, Direction générale de la terminologie et des services linguistiques.—Introd. |
| 504 | |aBibliographie. |
| 590 | |a14-22-Supp|b2014-12-24 |
| 720 | 1 |aParadis, Line |
| 720 | 1 |aDermine, Pierre |
| 776 | 0#|tVocabulary of agriculture / |w(CaOODSP)9.516672 |
| 791 | |tVocabulary of agriculture / |eeng|w(CaOODSP)9.590495 |
| 830 | #0|aBulletin de terminologie ;|vN° 197|w(CaOODSP)9.500140 |
| 856 | 40|ahttp://publications.gc.ca|qPDF|s11.35 Mo|uhttps://publications.gc.ca/collections/collection_2014/tpsgc-pwgsc/S52-2-197.pdf|yN° 197 |